000
00334nam a22001457a 4500
008
221104b ||||| |||| 00| 0 eng d
020
_a
9781422425145
041
_a
eng
080
_2
SEVENTH EDITION
_a
33
082
_a
33
100
_a
22.1
101
_a
BIZ
245
_a
EVIDENTIARY FOUNDATIONS
_c
IMWINKELRIED E
942
_2
udc
_c
BK
999
_c
58736
_d
58736